A landscape of conflict? : rural fortifications in the Argolid (400-146 BC) /
This is a systematic study of Late Classical and Hellenistic rural fortifications in ancient Argos and the city-states of the Argolic Akte. Based on one of the largest regional corpora of Greek fortified sites, the volume investigates the function of rural fortifications by placing them in the conte...
المؤلف الرئيسي:
التنسيق: كتاب الكتروني
اللغة: English
منشور في:
Oxford :
Archaeopress Archaeology,
2022.
الموضوعات:
الوصول للمادة أونلاين: Login to view Source
الوسوم: إضافة وسم
رقم الطلب: DF221.A78
| LEADER | 01913nam a2200397 i 4500 | ||
|---|---|---|---|
| 001 | EDZ0002773540 | ||
| 003 | StDuBDS | ||
| 005 | 20230412183116.0 | ||
| 006 | m|||||o||d|||||||| | ||
| 007 | cr ||||||||||| | ||
| 008 | 220523s2022 enka fob 001|0|eng|d | ||
| 020 | |a 9781789699715 (PDF ebook) : |c No price | ||
| 040 | |a StDuBDS |b eng |c StDuBDS |e rda |e pn | ||
| 050 | 4 | |a DF221.A78 | |
| 082 | 0 | 4 | |a 938.8 |2 23 |
| 100 | 1 | |a Blomley, Anna Magdalena, |d 1991- |e author. | |
| 245 | 1 | 2 | |a A landscape of conflict? : |b rural fortifications in the Argolid (400-146 BC) / |c Anna Magdalena Blomley. |
| 264 | 1 | |a Oxford : |b Archaeopress Archaeology, |c 2022. | |
| 300 | |a 1 online resource (328 pages) : |b illustrations (colour) | ||
| 336 | |a text |2 rdacontent | ||
| 336 | |a still image |2 rdacontent | ||
| 337 | |a computer |2 rdamedia | ||
| 338 | |a online resource |2 rdacarrier | ||
| 500 | |a Also issued in print: 2022. | ||
| 504 | |a Includes bibliographical references and index. | ||
| 520 | 8 | |a This is a systematic study of Late Classical and Hellenistic rural fortifications in ancient Argos and the city-states of the Argolic Akte. Based on one of the largest regional corpora of Greek fortified sites, the volume investigates the function of rural fortifications by placing them in the context of their surrounding landscape. | |
| 521 | |a Specialized. | ||
| 588 | |a Description based on online resource; title from PDF title page (viewed on June 6, 2022). | ||
| 650 | 0 | |a Fortification |z Greece |z Argolis |x History |y To 1500. | |
| 650 | 0 | |a Excavations (Archaeology) |z Greece |z Argolis. | |
| 651 | 0 | |a Argolis (Greece) |x Antiquities. | |
| 776 | 0 | 8 | |i Print version : |z 9781789699708 |
| 856 | 4 | 0 | |3 Archaeopress |u http://library.arce.org:8087/Archaeopress/Products/9781789699708 |
| 942 | |2 lcc |c EBOOK | ||
| 952 | |0 0 |1 0 |4 0 |6 DF0221 A78 |7 1 |9 46845 |a ARCH |b ARCH |d 2023-04-12 |l 0 |o DF221.A78 |r 2023-04-12 00:00:00 |w 2023-04-12 |y EBOOK | ||
| 999 | |c 52503 |d 52503 | ||
